Regional accounts for policy decisions : (Record no. 18645)
[ view plain ]
| 000 -LEADER | |
|---|---|
| fixed length control field | 00952nam a22002177a 4500 |
| 008 - FIXED-LENGTH DATA ELEMENTS--GENERAL INFORMATION | |
| fixed length control field | 141118t1966 xxu gr 101 0 eng d |
| 040 ## - CATALOGING SOURCE | |
| Original cataloging agency | EG-ScBUE |
| 082 00 - DEWEY DECIMAL CLASSIFICATION NUMBER | |
| Edition number | 22 |
| Classification number | 309.25 |
| Item number | REG |
| 111 2# - MAIN ENTRY--MEETING NAME | |
| 9 (RLIN) | 36596 |
| Meeting name or jurisdiction name as entry element | Conference on Regional Accounts |
| Location of meeting | Miami Beach, Fla.) |
| Date of meeting | 1964 : |
| Number of part/section/meeting | (3rd : |
| 245 10 - TITLE STATEMENT | |
| Title | Regional accounts for policy decisions : |
| Remainder of title | papers presented at the conference on regional accounts, 1964 / |
| Statement of responsibility, etc | edited by Werner Z. Hirsch ; sponsored by the Committee on Regional Accounts. |
| 260 ## - PUBLICATION, DISTRIBUTION, ETC. (IMPRINT) | |
| Place of publication, distribution, etc | Baltimore, United States : |
| Name of publisher, distributor, etc | Resources for the Future by Johns Hopkins Press, |
| Date of publication, distribution, etc | c.1966. |
| 300 ## - PHYSICAL DESCRIPTION | |
| Extent | xiv, 230 p. ; |
| Dimensions | 23 cm. |
| 500 ## - GENERAL NOTE | |
| General note | Index : p. 227-230. |
| 650 #0 - SUBJECT ADDED ENTRY--TOPICAL TERM | |
| Topical term or geographic name as entry element | Regional planning |
| 9 (RLIN) | 36592 |
| 653 ## - INDEX TERM--UNCONTROLLED | |
| Resource For college | Generalities |
| Arrived date list | November2014 |
| 655 ## - INDEX TERM--GENRE/FORM | |
| Form subdivision | |
| -- | 34232 |
| 700 1# - ADDED ENTRY--PERSONAL NAME | |
| Personal name | Hirsch, Werner Z. |
| Fuller form of name | (Werner Zvi), |
| Dates associated with a name | 1920- |
| 9 (RLIN) | 36595 |
| Relator term | editor. |
| 710 2# - ADDED ENTRY--CORPORATE NAME | |
| Corporate name or jurisdiction name as entry element | Committee on Regional Accounts |
| 9 (RLIN) | 36594 |
| 710 2# - ADDED ENTRY--CORPORATE NAME | |
| Corporate name or jurisdiction name as entry element | Resources for the Future |
| 9 (RLIN) | 36593 |
| 942 ## - ADDED ENTRY ELEMENTS (KOHA) | |
| Source of classification or shelving scheme | Dewey Decimal Classification |
| Call number prefix | 309.25 REG |
| Withdrawn status | Item status | Source of classification or shelving scheme | Damaged status | Not for loan | Vendor | Home library | Current library | Shelving location | Date acquired | Source of acquisition | Cost, normal purchase price | Total Checkouts | Full call number | Barcode | Date last seen | Cost, replacement price | Koha item type |
|---|---|---|---|---|---|---|---|---|---|---|---|---|---|---|---|---|---|
| Dewey Decimal Classification | سور الازبكية | Central Library | Central Library | First floor | 18/11/2014 | 40.00 | 309.25 REG | 000037028 | 15/07/2025 | 50.00 | NB - Book (Non borrowing) |